000
00252nam a2200097Ia 4500
008
220204s9999 xx 000 0 und d
082
_a
651.45(02)
_b
RUB
245
0
_a
Rubber Board office manual 1964
260
_a
Kottayam
_b
Rubber Board
_c
1964
942
_c
BK
999
_c
44776
_d
44776